000 01530nam a2200229Ia 4500
003 Ost
005 20260507075722.0
008 260507s9999||||xx |||||||||||||| ||und||
020 _a9789931248163
040 _cfsecg
041 _aara
082 _a332.1
100 _aبن جدو، أمينة
_eمؤلف
245 0 _aأدوات تقييم الأداء المالي في البنوك التجارية /
_c أمينة بن جدو
260 _aالجزائر:
_bدار الباحث للطباعة والنشر والتوزيع,
_c2023
300 _a114 صفحة؛
_bإيضاحات ؛
_c24 سم
504 _aمراجع ص100
520 _aيهدف هذا الكتاب إلى شرح مفهوم الأداء المالي وعملية تقييمه، وكذالك إلى ماهية التحليل المالي وأبرز أدواته وأساليبه،وبالأخص أسلوب النسب المالية وتبيان أهميته في تحليل البيانات المالية وتفسير دلالتها.كما يهدف هذا الكتاب إلى التطرق لأهم المؤشرات المالية والنسب التي تندرج تحتها والتي تستخدم في عملية تقييم الأداء المالي في البنوك التجارية بالإضافة إلى توضيح العلاقة بين مختلف هذه المؤشرات المالية والتي تندرج تحتها مختلف النسب المالية.
653 _aالبنوك
653 _aتقييم الأداء
942 _cكتاب
999 _c45948
_d45948